[Event "White Rook U14 Final 2019"]
[Site "Sochi"]
[Date "2019.06.06"]
[Round "2.5"]
[White "Kurus, Artem"]
[Black "Mikheev, Aleksandr"]
[Result "1-0"]
[WhiteElo "1769"]
[BlackElo "1837"]
[Annotator "NA RC"]
[PlyCount "115"]
[EventDate "2019.06.02"]
[EventCountry "RUS"]
[SourceTitle "playchess.com"]
[Source "ChessBase"]
[SourceQuality "1"]
[TimeControl "5400+30"]

1. d4 {[%emt 0:00:00]} Nf6 {[%emt 0:00:00]} 2. c4 {[%emt 0:00:00]} g6 {[%emt 0:00:00]} 3. Nc3 {[%emt 0:00:00]} Bg7 {[%emt 0:00:00]} 4. e4 {[%emt 0:00:00]} d6 {[%emt 0:00:00]} 5. Bd3 {[%emt 0:00:00]} O-O {[%emt 0:00:42]} 6. Nge2 {[%emt 0:00:00]} e5 {[%emt 0:00:49]} 7. d5 {[%emt 0:00:00]} Nbd7 {[%emt 0:01:10]} 8. O-O {[%emt 0:01:40]} a5 {[%emt 0:02:13]} 9. f3 {[%emt 0:01:01]} Nc5 {[%emt 0:02:25]} 10. Bc2 {[%emt 0:00:34]} Bd7 {[%emt 0:05:23]} 11. Be3 {[%emt 0:02:20]} Nh5 {[%emt 0:02:19]} 12. Qd2 {[%emt 0:07:35]} Qe7 {[%emt 0:06:12]} 13. Rab1 {[%emt 0:06:38]} b6 {[%emt 0:09:11]} 14. b3 {[%emt 0:02:26]} f5 {[%emt 0:02:37]} 15. exf5 {[%emt 0:00:16]} Bxf5 {[%emt 0:01:46]} 16. Ne4 {[%emt 0:02:26]} Nxe4 {[%emt 0:00:17]} 17. Bxe4 {[%emt 0:01:10]} Bxe4 {[%emt 0:03:52]} 18. fxe4 {[%emt 0:00:36]} Qh4 {[%emt 0:03:55]} 19. Qd3 {[%emt 0:02:13]} Nf6 {[%emt 0:03:07]} 20. Nc3 {[%emt 0:08:01]} Ng4 {[%emt 0:00:57]} 21. h3 {[%emt 0:00:41]} Nxe3 {[%emt 0:00:06]} 22. Qxe3 {[%emt 0:00:05]} Bh6 {[%emt 0:00:00]} 23. Qd3 {[%emt 0:07:13]} Rxf1+ {[%emt 0:02:32]} 24. Rxf1 {[%emt 0:00:03]} Rf8 {[%emt 0:00:22]} 25. Rxf8+ {[%emt 0:10:06]} Kxf8 {[%emt 0:00:06]} 26. Nb5 {[%emt 0:13:24]} Ke7 {[%emt 0:06:30]} 27. Qf1 {[%emt 0:06:02]} Kd8 {[%emt 0:06:39]} 28. Kh1 {[%emt 0:06:12]} Bf4 {[%emt 0:03:13]} 29. Qe2 {[%emt 0:03:38]} Qg3 {[%emt 0:00:00]} 30. Kg1 {[%emt 0:00:29]} h5 {[%emt 0:02:06]} 31. Kf1 {[%emt 0:02:04]} Qh2 {[%emt 0:02:57]} 32. Qf2 {[%emt 0:01:33]} Kd7 {[%emt 0:01:58]} 33. Nc3 {[%emt 0:02:41]} g5 {[%emt 0:02:50]} 34. Ne2 {[%emt 0:00:55]} g4 {[%emt 0:00:25]} 35. Qg1 {[%emt 0:01:32]} g3 {[%emt 0:02:03]} 36. Ke1 {[%emt 0:00:23]} Qxg1+ {[%emt 0:04:13]} 37. Nxg1 {[%emt 0:00:00]} Be3 {[%emt 0:00:18]} 38. Nf3 {[%emt 0:00:32]} Ke7 {[%emt 0:01:12]} 39. Ke2 {[%emt 0:01:46]} Bf2 {[%emt 0:01:09]} 40. Ng5 {[%emt 0:03:56]} Kf6 {[%emt 0:00:21]} 41. h4 {[%emt 0:00:00]} Kg6 {[%emt 0:00:50]} 42. Ne6 {[%emt 0:00:57]} Kf7 {[%emt 0:01:51]} 43. Nxc7 {[%emt 0:00:07]} Ke7 {[%emt 0:00:19]} 44. Ne6 {[%emt 0:00:00]} Kf6 {[%emt 0:00:15]} 45. Ng5 {[%emt 0:00:12]} Bd4 {[%emt 0:01:44]} 46. Kf3 {[%emt 0:00:41]} Bf2 {[%emt 0:00:09]} 47. Nh3 {[%emt 0:00:03]} Be1 {[%emt 0:00:00]} 48. Ng1 {[%emt 0:00:05]} Kg6 {[%emt 0:01:05]} 49. Ne2 {[%emt 0:00:08]} Bf2 {[%emt 0:00:30]} 50. Nxg3 {[%emt 0:00:04]} Bc5 {[%emt 0:00:06]} 51. Nf5 {[%emt 0:00:05]} Bb4 {[%emt 0:00:05]} 52. g4 {[%emt 0:00:27]} Ba3 {[%emt 0:00:00]} 53. Ng3 {[%emt 0:00:11]} hxg4+ {[%emt 0:00:00]} 54. Kxg4 {[%emt 0:00:00]} Bb4 {[%emt 0:01:09]} 55. h5+ {[%emt 0:00:05]} Kh7 {[%emt 0:00:05]} 56. Nf5 {[%emt 0:00:38]} Ba3 {[%emt 0:00:08]} 57. Kg5 {[%emt 0:00:04]} Bc1+ {[%emt 0:00:00]} 58. Kf6 {[%emt 0:00:06]} 1-0

[Event "White Rook U14 Final 2019"]
[Site "Sochi"]
[Date "2019.06.06"]
[Round "2.6"]
[White "Busygin, Kirill"]
[Black "Usov, Aleksandr E."]
[Result "1-0"]
[WhiteElo "1758"]
[BlackElo "1812"]
[Annotator "NA RC"]
[PlyCount "143"]
[EventDate "2019.06.02"]
[EventCountry "RUS"]
[SourceTitle "playchess.com"]
[Source "ChessBase"]
[SourceQuality "1"]
[TimeControl "5400+30"]

1. d4 {[%emt 0:00:00]} c6 {[%emt 0:00:00]} 2. Nf3 {[%emt 0:00:00]} d5 {[%emt 0:00:00]} 3. Bf4 {[%emt 0:01:58]} Nf6 {[%emt 0:00:25]} 4. e3 {[%emt 0:00:15]} Bf5 {[%emt 0:00:11]} 5. Bd3 {[%emt 0:01:26]} Bxd3 {[%emt 0:00:53]} 6. Qxd3 {[%emt 0:01:31]} Nbd7 {[%emt 0:00:25]} 7. h3 {[%emt 0:00:55]} g6 {[%emt 0:00:38]} 8. O-O {[%emt 0:00:24]} Bg7 {[%emt 0:01:32]} 9. c4 {[%emt 0:02:39]} O-O {[%emt 0:00:29]} 10. Nc3 {[%emt 0:00:28]} e6 {[%emt 0:04:13]} 11. b4 {[%emt 0:02:44]} Nb6 {[%emt 0:00:01]} 12. c5 {[%emt 0:04:23]} Nc4 {[%emt 0:18:14]} 13. Ne5 {[%emt 0:09:12]} Nxe5 {[%emt 0:00:09]} 14. Bxe5 {[%emt 0:03:30]} Nd7 {[%emt 0:01:11]} 15. Bxg7 {[%emt 0:00:58]} Kxg7 {[%emt 0:00:08]} 16. b5 {[%emt 0:07:52]} Qc7 {[%emt 0:00:44]} 17. bxc6 {[%emt 0:04:11]} bxc6 {[%emt 0:00:46]} 18. Rab1 {[%emt 0:04:10]} e5 {[%emt 0:00:57]} 19. Rb2 {[%emt 0:01:06]} Rab8 {[%emt 0:01:12]} 20. Rfb1 {[%emt 0:05:18]} Rxb2 {[%emt 0:00:00]} 21. Rxb2 {[%emt 0:03:24]} e4 {[%emt 0:00:41]} 22. Qb1 {[%emt 0:00:00]} Rb8 {[%emt 0:00:29]} 23. Rxb8 {[%emt 0:02:39]} Nxb8 {[%emt 0:00:44]} 24. a3 {[%emt 0:05:47]} f5 {[%emt 0:00:02]} 25. g3 {[%emt 0:01:15]} g5 {[%emt 0:00:13]} 26. Qd1 {[%emt 0:00:57]} Kg6 {[%emt 0:00:35]} 27. Na2 {[%emt 0:02:38]} h5 {[%emt 0:01:41]} 28. Qb3 {[%emt 0:04:51]} h4 {[%emt 0:08:11]} 29. gxh4 {[%emt 0:02:20]} f4 {[%emt 0:07:55]} 30. hxg5 {[%emt 0:02:05]} f3 {[%emt 0:01:05]} 31. Qb1 {[%emt 0:04:03]} Kxg5 {[%emt 0:00:16]} 32. Kh1 {[%emt 0:01:40]} Kh4 {[%emt 0:00:52]} 33. Qg1 {[%emt 0:01:36]} Kxh3 {[%emt 0:12:36]} 34. Qf1+ {[%emt 0:00:19]} Kh4 {[%emt 0:00:13]} 35. Qg1 {[%emt 0:00:06]} Kh5 {[%emt 0:00:06]} 36. Qg8 {[%emt 0:00:13]} Nd7 {[%emt 0:02:54]} 37. Qf7+ {[%emt 0:01:55]} Kh6 {[%emt 0:04:12]} 38. Nb4 {[%emt 0:01:26]} a5 {[%emt 0:00:20]} 39. Qe6+ {[%emt 0:00:56]} Kg7 {[%emt 0:02:05]} 40. Nxc6 {[%emt 0:00:41]} Qb7 {[%emt 0:01:35]} 41. Ne5 {[%emt 0:01:02]} Nxe5 {[%emt 0:06:09]} 42. Qxe5+ {[%emt 0:09:51]} Kg8 {[%emt 0:01:45]} 43. Qe8+ {[%emt 0:00:18]} Kg7 {[%emt 0:00:02]} 44. Qe5+ {[%emt 0:00:36]} Kg8 {[%emt 0:02:20]} 45. Qg5+ {[%emt 0:00:30]} Kh8 {[%emt 0:00:26]} 46. Kh2 {[%emt 0:02:22]} Qh7+ {[%emt 0:04:49]} 47. Kg3 {[%emt 0:01:14]} Qb7 {[%emt 0:00:49]} 48. Qh6+ {[%emt 0:00:30]} Kg8 {[%emt 0:00:20]} 49. Qe6+ {[%emt 0:01:30]} Kf8 {[%emt 0:00:12]} 50. c6 {[%emt 0:00:04]} Qc7+ {[%emt 0:00:58]} 51. Kg4 {[%emt 0:02:39]} Qg7+ {[%emt 0:01:07]} 52. Kf4 {[%emt 0:00:10]} Qc7+ {[%emt 0:00:10]} 53. Kf5 {[%emt 0:00:18]} Qh2 {[%emt 0:00:57]} 54. Qc8+ {[%emt 0:00:14]} Kf7 {[%emt 0:00:24]} 55. Qd7+ {[%emt 0:00:33]} Kf8 {[%emt 0:00:19]} 56. Ke6 {[%emt 0:00:29]} Qh6+ {[%emt 0:00:49]} 57. Kxd5 {[%emt 0:00:12]} Qg5+ {[%emt 0:00:19]} 58. Kxe4 {[%emt 0:00:41]} Qh4+ {[%emt 0:00:56]} 59. Kxf3 {[%emt 0:00:06]} Qh1+ {[%emt 0:00:00]} 60. Kf4 {[%emt 0:00:17]} Qh4+ {[%emt 0:00:43]} 61. Ke5 {[%emt 0:00:19]} Qh8+ {[%emt 0:00:33]} 62. Kd6 {[%emt 0:00:24]} Qf6+ {[%emt 0:00:16]} 63. Kc5 {[%emt 0:00:29]} Qg5+ {[%emt 0:00:34]} 64. d5 {[%emt 0:01:13]} Qe5 {[%emt 0:00:11]} 65. Qd6+ {[%emt 0:00:06]} Qxd6+ {[%emt 0:00:07]} 66. Kxd6 {[%emt 0:00:00]} a4 {[%emt 0:00:13]} 67. c7 {[%emt 0:00:10]} Kg7 {[%emt 0:00:04]} 68. c8=Q {[%emt 0:00:06]} Kh7 {[%emt 0:00:07]} 69. Qg4 {[%emt 0:00:07]} Kh6 {[%emt 0:00:08]} 70. Ke7 {[%emt 0:00:04]} Kh7 {[%emt 0:00:04]} 71. Kf7 {[%emt 0:00:06]} Kh6 {[%emt 0:00:12]} 72. Qg6# {[%emt 0:00:04]} 1-0

[Event "White Rook U14 Final 2019"]
[Site "Sochi"]
[Date "2019.06.06"]
[Round "2.9"]
[White "Greno, Pavol"]
[Black "Magomedov, Adam"]
[Result "0-1"]
[WhiteElo "1588"]
[BlackElo "1773"]
[Annotator "NA RC"]
[PlyCount "70"]
[EventDate "2019.06.02"]
[EventCountry "RUS"]
[SourceTitle "playchess.com"]
[Source "ChessBase"]
[SourceQuality "1"]
[TimeControl "5400+30"]

1. e4 {[%emt 0:00:00]} e6 {[%emt 0:00:00]} 2. d3 {[%emt 0:00:00]} b6 {[%emt 0:00:00]} 3. g3 {[%emt 0:00:06]} Bb7 {[%emt 0:00:00]} 4. Bg2 {[%emt 0:00:33]} f5 {[%emt 0:00:00]} 5. Nd2 {[%emt 0:01:12]} Nf6 {[%emt 0:00:15]} 6. Ne2 {[%emt 0:03:04]} fxe4 {[%emt 0:02:26]} 7. Nxe4 {[%emt 0:00:47]} Nxe4 {[%emt 0:00:11]} 8. dxe4 {[%emt 0:01:07]} Bc5 {[%emt 0:02:24]} 9. Nd4 {[%emt 0:03:31]} O-O {[%emt 0:05:55]} 10. Be3 {[%emt 0:04:03]} e5 {[%emt 0:04:08]} 11. Nf5 {[%emt 0:09:36]} Rxf5 {[%emt 0:02:48]} 12. Bxc5 {[%emt 0:00:40]} bxc5 {[%emt 0:00:04]} 13. exf5 {[%emt 0:03:27]} Bxg2 {[%emt 0:00:35]} 14. f3 {[%emt 0:00:59]} Qg5 {[%emt 0:25:26]} 15. f4 {[%emt 0:34:27]} Qxf5 {[%emt 0:05:02]} 16. Rg1 {[%emt 0:00:54]} Bc6 {[%emt 0:01:05]} 17. Qe2 {[%emt 0:02:44]} e4 {[%emt 0:04:17]} 18. O-O-O {[%emt 0:01:13]} d5 {[%emt 0:00:36]} 19. c3 {[%emt 0:01:23]} Qf6 {[%emt 0:02:39]} 20. Qh5 {[%emt 0:02:02]} Qf7 {[%emt 0:12:11]} 21. Qe5 {[%emt 0:01:19]} Na6 {[%emt 0:00:33]} 22. f5 {[%emt 0:00:57]} Re8 {[%emt 0:03:01]} 23. Qf4 {[%emt 0:00:44]} e3 {[%emt 0:00:00]} 24. Rge1 {[%emt 0:00:41]} e2 {[%emt 0:01:41]} 25. Rd2 {[%emt 0:00:38]} Bb5 {[%emt 0:00:00]} 26. b3 {[%emt 0:01:41]} Qf6 {[%emt 0:01:22]} 27. Kc2 {[%emt 0:00:41]} Re4 {[%emt 0:00:41]} 28. Qf3 {[%emt 0:03:08]} Re5 {[%emt 0:05:34]} 29. g4 {[%emt 0:01:09]} d4 {[%emt 0:01:00]} 30. Qa8+ {[%emt 0:02:40]} Kf7 {[%emt 0:03:55]} 31. c4 {[%emt 0:00:30]} d3+ {[%emt 0:01:29]} 32. Kb1 {[%emt 0:02:32]} Bc6 {[%emt 0:00:00]} 33. Qxa7 {[%emt 0:00:00]} Re8 {[%emt 0:00:00]} 34. g5 {[%emt 0:05:39]} Qd6 {[%emt 0:01:31]} 35. Qxa6 {[%emt 0:01:39]} Ra8 {[%emt 0:00:08]} 0-1

[Event "White Rook U14 Final 2019"]
[Site "Sochi"]
[Date "2019.06.06"]
[Round "2.10"]
[White "Seregin, Ignat"]
[Black "Kuzma, Samuel"]
[Result "1-0"]
[WhiteElo "1687"]
[BlackElo "1496"]
[Annotator "NA RC"]
[PlyCount "81"]
[EventDate "2019.06.02"]
[EventCountry "RUS"]
[SourceTitle "playchess.com"]
[Source "ChessBase"]
[SourceQuality "1"]
[TimeControl "5400+30"]

1. e4 {[%emt 0:00:00]} e6 {[%emt 0:00:00]} 2. d4 {[%emt 0:00:00]} d5 {[%emt 0:00:00]} 3. e5 {[%emt 0:00:00]} c5 {[%emt 0:00:00]} 4. c3 {[%emt 0:00:00]} Bd7 {[%emt 0:00:27]} 5. a3 {[%emt 0:00:00]} Qb6 {[%emt 0:01:07]} 6. Nf3 {[%emt 0:01:25]} Bb5 {[%emt 0:01:07]} 7. Bxb5+ {[%emt 0:01:49]} Qxb5 {[%emt 0:00:08]} 8. b4 {[%emt 0:00:51]} cxb4 {[%emt 0:01:14]} 9. cxb4 {[%emt 0:00:00]} Ne7 {[%emt 0:01:35]} 10. Nc3 {[%emt 0:01:20]} Qb6 {[%emt 0:01:36]} 11. Na4 {[%emt 0:21:38]} Qc7 {[%emt 0:01:11]} 12. Bb2 {[%emt 0:00:40]} Nd7 {[%emt 0:01:15]} 13. Rc1 {[%emt 0:01:05]} Qd8 {[%emt 0:00:11]} 14. Nc5 {[%emt 0:01:26]} Nxc5 {[%emt 0:00:52]} 15. Rxc5 {[%emt 0:05:23]} Nc6 {[%emt 0:01:18]} 16. Rc1 {[%emt 0:00:39]} Be7 {[%emt 0:00:38]} 17. Nd2 {[%emt 0:12:58]} Bg5 {[%emt 0:01:59]} 18. O-O {[%emt 0:00:00]} Bxd2 {[%emt 0:01:02]} 19. Qxd2 {[%emt 0:00:00]} O-O {[%emt 0:00:20]} 20. Rc5 {[%emt 0:05:53]} Qd7 {[%emt 0:03:16]} 21. Rfc1 {[%emt 0:11:52]} Rac8 {[%emt 0:03:02]} 22. Qc3 {[%emt 0:11:11]} Ne7 {[%emt 0:01:30]} 23. Rc7 {[%emt 0:02:03]} Rxc7 {[%emt 0:00:02]} 24. Qxc7 {[%emt 0:00:06]} Rd8 {[%emt 0:00:38]} 25. b5 {[%emt 0:08:59]} h5 {[%emt 0:02:46]} 26. g3 {[%emt 0:02:51]} Nf5 {[%emt 0:03:10]} 27. h3 {[%emt 0:00:30]} Kh8 {[%emt 0:09:30]} 28. Kg2 {[%emt 0:05:12]} Kg8 {[%emt 0:00:54]} 29. a4 {[%emt 0:01:23]} g6 {[%emt 0:02:28]} 30. g4 {[%emt 0:00:22]} hxg4 {[%emt 0:00:19]} 31. hxg4 {[%emt 0:00:05]} Ng7 {[%emt 0:01:21]} 32. Ba3 {[%emt 0:01:12]} Kh7 {[%emt 0:03:00]} 33. Be7 {[%emt 0:01:38]} Qxc7 {[%emt 0:01:31]} 34. Rxc7 {[%emt 0:00:05]} Rb8 {[%emt 0:00:00]} 35. Bd6 {[%emt 0:01:22]} Kg8 {[%emt 0:01:05]} 36. Rd7 {[%emt 0:00:49]} Rc8 {[%emt 0:01:18]} 37. Rxb7 {[%emt 0:00:00]} Rc4 {[%emt 0:00:46]} 38. Bc5 {[%emt 0:00:00]} Rxa4 {[%emt 0:00:00]} 39. Rxa7 {[%emt 0:00:01]} Rc4 {[%emt 0:01:17]} 40. b6 {[%emt 0:00:12]} Rc2 {[%emt 0:00:39]} 41. b7 {[%emt 0:00:40]} 1-0

[Event "White Rook U14 Final 2019"]
[Site "Sochi"]
[Date "2019.06.06"]
[Round "2.11"]
[White "Simon, Leonard"]
[Black "Mugenov, Vadim"]
[Result "1/2-1/2"]
[WhiteElo "1383"]
[BlackElo "1329"]
[Annotator "NA RC"]
[PlyCount "104"]
[EventDate "2019.06.02"]
[EventCountry "RUS"]
[SourceTitle "playchess.com"]
[Source "ChessBase"]
[SourceQuality "1"]
[TimeControl "5400+30"]

1. e4 {[%emt 0:00:00]} c5 {[%emt 0:00:00]} 2. Nf3 {[%emt 0:00:00]} d6 {[%emt 0:00:00]} 3. d4 {[%emt 0:00:00]} cxd4 {[%emt 0:00:00]} 4. Nxd4 {[%emt 0:00:00]} Nf6 {[%emt 0:00:00]} 5. Nc3 {[%emt 0:00:00]} a6 {[%emt 0:00:00]} 6. Bc4 {[%emt 0:00:20]} e6 {[%emt 0:00:06]} 7. Bb3 {[%emt 0:00:09]} Be7 {[%emt 0:00:08]} 8. O-O {[%emt 0:01:49]} O-O {[%emt 0:00:36]} 9. Re1 {[%emt 0:01:02]} Qc7 {[%emt 0:00:54]} 10. h3 {[%emt 0:02:40]} b5 {[%emt 0:00:46]} 11. a4 {[%emt 0:00:11]} bxa4 {[%emt 0:01:37]} 12. Bxa4 {[%emt 0:00:59]} Bb7 {[%emt 0:00:52]} 13. Bb3 {[%emt 0:03:05]} Nbd7 {[%emt 0:04:03]} 14. f3 {[%emt 0:10:48]} Nc5 {[%emt 0:00:24]} 15. Ba2 {[%emt 0:00:00]} Rfd8 {[%emt 0:00:32]} 16. Be3 {[%emt 0:01:09]} d5 {[%emt 0:02:28]} 17. exd5 {[%emt 0:01:16]} Nxd5 {[%emt 0:00:00]} 18. Nxd5 {[%emt 0:00:24]} Bxd5 {[%emt 0:00:00]} 19. Qe2 {[%emt 0:01:29]} Bxa2 {[%emt 0:00:34]} 20. Rxa2 {[%emt 0:00:00]} Bf6 {[%emt 0:01:58]} 21. c3 {[%emt 0:01:15]} e5 {[%emt 0:13:10]} 22. Nc2 {[%emt 0:02:28]} Bh4 {[%emt 0:06:50]} 23. Rb1 {[%emt 0:03:28]} Re8 {[%emt 0:08:56]} 24. Qc4 {[%emt 0:00:39]} Be7 {[%emt 0:01:46]} 25. Nb4 {[%emt 0:01:33]} Ne6 {[%emt 0:03:10]} 26. Qxc7 {[%emt 0:04:33]} Nxc7 {[%emt 0:00:08]} 27. Nc6 {[%emt 0:01:04]} Nd5 {[%emt 0:04:49]} 28. Bf2 {[%emt 0:00:41]} Bf6 {[%emt 0:01:51]} 29. Rba1 {[%emt 0:00:54]} Rec8 {[%emt 0:11:07]} 30. Rxa6 {[%emt 0:00:52]} Rxa6 {[%emt 0:00:07]} 31. Rxa6 {[%emt 0:00:13]} Nf4 {[%emt 0:01:53]} 32. Nb4 {[%emt 0:00:59]} h6 {[%emt 0:00:55]} 33. Kf1 {[%emt 0:02:07]} Rd8 {[%emt 0:01:40]} 34. Bg3 {[%emt 0:02:56]} Rd1+ {[%emt 0:00:58]} 35. Kf2 {[%emt 0:04:49]} Rd2+ {[%emt 0:00:07]} 36. Ke1 {[%emt 0:00:47]} Rxb2 {[%emt 0:00:15]} 37. Bxf4 {[%emt 0:00:30]} exf4 {[%emt 0:00:28]} 38. Nd5 {[%emt 0:00:17]} Bh4+ {[%emt 0:01:11]} 39. Kf1 {[%emt 0:00:54]} Bg3 {[%emt 0:01:25]} 40. c4 {[%emt 0:00:00]} Rc2 {[%emt 0:03:07]} 41. Rc6 {[%emt 0:00:14]} Bf2 {[%emt 0:00:49]} 42. Nxf4 {[%emt 0:00:30]} Bg3 {[%emt 0:06:16]} 43. Ne2 {[%emt 0:02:02]} Bh4 {[%emt 0:00:44]} 44. g3 {[%emt 0:00:39]} Bf6 {[%emt 0:00:00]} 45. Rc8+ {[%emt 0:02:17]} Kh7 {[%emt 0:00:22]} 46. c5 {[%emt 0:00:29]} Be7 {[%emt 0:01:48]} 47. c6 {[%emt 0:00:38]} Bd6 {[%emt 0:00:41]} 48. f4 {[%emt 0:01:18]} g5 {[%emt 0:00:17]} 49. fxg5 {[%emt 0:01:42]} hxg5 {[%emt 0:00:14]} 50. g4 {[%emt 0:00:19]} Rc4 {[%emt 0:01:53]} 51. Kf2 {[%emt 0:00:29]} Kg7 {[%emt 0:01:27]} 52. Kf3 {[%emt 0:00:59]} Kf6 {[%emt 0:01:45]} 1/2-1/2

[Event "White Rook U14 Final 2019"]
[Site "Sochi"]
[Date "2019.06.06"]
[Round "2.12"]
[White "Mkrtchian, Anait"]
[Black "Sekova, Olivia"]
[Result "1-0"]
[WhiteElo "1165"]
[BlackElo "1226"]
[Annotator "NA RC"]
[PlyCount "59"]
[EventDate "2019.06.02"]
[EventCountry "RUS"]
[SourceTitle "playchess.com"]
[Source "ChessBase"]
[SourceQuality "1"]
[TimeControl "5400+30"]

1. e4 {[%emt 0:00:00]} c5 {[%emt 0:00:00]} 2. Nf3 {[%emt 0:00:00]} Nc6 {[%emt 0:00:03]} 3. d4 {[%emt 0:00:00]} cxd4 {[%emt 0:00:00]} 4. Nxd4 {[%emt 0:00:00]} g6 {[%emt 0:00:57]} 5. Be3 {[%emt 0:00:12]} Bg7 {[%emt 0:01:37]} 6. c3 {[%emt 0:00:32]} Nf6 {[%emt 0:00:04]} 7. f3 {[%emt 0:00:12]} O-O {[%emt 0:01:48]} 8. Bc4 {[%emt 0:00:44]} Ne5 {[%emt 0:02:00]} 9. Bb3 {[%emt 0:00:00]} d6 {[%emt 0:01:43]} 10. g4 {[%emt 0:00:38]} Nc6 {[%emt 0:07:05]} 11. h4 {[%emt 0:01:06]} Nxd4 {[%emt 0:01:04]} 12. cxd4 {[%emt 0:00:19]} Qa5+ {[%emt 0:02:32]} 13. Nc3 {[%emt 0:00:34]} Rd8 {[%emt 0:01:10]} 14. Bd2 {[%emt 0:00:50]} Qb6 {[%emt 0:01:32]} 15. Ne2 {[%emt 0:01:10]} Bd7 {[%emt 0:02:08]} 16. h5 {[%emt 0:00:39]} e5 {[%emt 0:06:22]} 17. Be3 {[%emt 0:01:45]} exd4 {[%emt 0:00:52]} 18. Bxd4 {[%emt 0:00:21]} Qa5+ {[%emt 0:01:41]} 19. Bc3 {[%emt 0:02:02]} Qg5 {[%emt 0:00:41]} 20. Bd2 {[%emt 0:01:09]} Qe5 {[%emt 0:00:45]} 21. hxg6 {[%emt 0:02:42]} hxg6 {[%emt 0:00:11]} 22. Bc3 {[%emt 0:00:32]} Qc5 {[%emt 0:01:20]} 23. Qd2 {[%emt 0:02:43]} Bxg4 {[%emt 0:07:27]} 24. Bxf6 {[%emt 0:03:30]} Bxf3 {[%emt 0:00:13]} 25. Rh3 {[%emt 0:03:23]} Bxe2 {[%emt 0:01:59]} 26. Kxe2 {[%emt 0:00:17]} Qb5+ {[%emt 0:01:55]} 27. Ke1 {[%emt 0:01:29]} Re8 {[%emt 0:04:35]} 28. Qg2 {[%emt 0:15:25]} Bxf6 {[%emt 0:03:55]} 29. Qxg6+ {[%emt 0:00:00]} Bg7 {[%emt 0:01:24]} 30. Qxf7# {[%emt 0:00:27]} 1-0

[Event "White Rook U14 Final 2019"]
[Site "Sochi"]
[Date "2019.06.06"]
[Round "2.13"]
[White "Nosachev, Daniil"]
[Black "Andrijashkin, Deniss"]
[Result "1-0"]
[WhiteElo "1719"]
[BlackElo "1891"]
[Annotator "NA RC"]
[PlyCount "53"]
[EventDate "2019.06.02"]
[EventCountry "RUS"]
[SourceTitle "playchess.com"]
[Source "ChessBase"]
[SourceQuality "1"]
[TimeControl "5400+30"]

1. e4 {[%emt 0:00:00]} e5 {[%emt 0:00:00]} 2. Nf3 {[%emt 0:00:00]} Nc6 {[%emt 0:00:00]} 3. Bb5 {[%emt 0:00:00]} a6 {[%emt 0:00:29]} 4. Ba4 {[%emt 0:00:00]} b5 {[%emt 0:00:06]} 5. Bb3 {[%emt 0:00:00]} g6 {[%emt 0:00:34]} 6. O-O {[%emt 0:02:35]} Bg7 {[%emt 0:00:05]} 7. c3 {[%emt 0:00:00]} Nge7 {[%emt 0:00:03]} 8. d4 {[%emt 0:00:00]} exd4 {[%emt 0:05:13]} 9. cxd4 {[%emt 0:00:04]} d6 {[%emt 0:00:09]} 10. h3 {[%emt 0:04:59]} O-O {[%emt 0:00:16]} 11. Re1 {[%emt 0:02:05]} Na5 {[%emt 0:07:36]} 12. Bc2 {[%emt 0:02:13]} c5 {[%emt 0:00:17]} 13. Nc3 {[%emt 0:10:19]} Nec6 {[%emt 0:26:19]} 14. Bg5 {[%emt 0:09:31]} Qb6 {[%emt 0:00:52]} 15. Nd5 {[%emt 0:04:29]} Qa7 {[%emt 0:00:21]} 16. dxc5 {[%emt 0:08:01]} dxc5 {[%emt 0:00:00]} 17. Qc1 {[%emt 0:12:56]} Be6 {[%emt 0:08:13]} 18. Nf6+ {[%emt 0:05:34]} Kh8 {[%emt 0:00:40]} 19. Qf4 {[%emt 0:01:11]} Nc4 {[%emt 0:27:46]} 20. Qh4 {[%emt 0:00:41]} h5 {[%emt 0:00:11]} 21. g4 {[%emt 0:02:06]} N6e5 {[%emt 0:00:11]} 22. Nxe5 {[%emt 0:03:15]} Nxe5 {[%emt 0:00:04]} 23. Re3 {[%emt 0:00:39]} Nd7 {[%emt 0:00:14]} 24. gxh5 {[%emt 0:03:11]} Nxf6 {[%emt 0:00:35]} 25. Bxf6 {[%emt 0:00:52]} Bxf6 {[%emt 0:04:36]} 26. Qxf6+ {[%emt 0:00:05]} Kh7 {[%emt 0:00:33]} 27. hxg6+ {[%emt 0:00:40]} 1-0

[Event "White Rook U14 Final 2019"]
[Site "Sochi"]
[Date "2019.06.06"]
[Round "2.14"]
[White "Sadekov, Maksim"]
[Black "Babeshko, Vitaliy"]
[Result "1-0"]
[WhiteElo "1541"]
[BlackElo "1331"]
[Annotator "NA RC"]
[PlyCount "77"]
[EventDate "2019.06.02"]
[EventCountry "RUS"]
[SourceTitle "playchess.com"]
[Source "ChessBase"]
[SourceQuality "1"]
[TimeControl "5400+30"]

1. d4 {[%emt 0:00:00]} d5 {[%emt 0:00:00]} 2. Bf4 {[%emt 0:00:00]} Bf5 {[%emt 0:00:00]} 3. e3 {[%emt 0:00:00]} Nf6 {[%emt 0:00:01]} 4. c4 {[%emt 0:00:00]} e6 {[%emt 0:00:44]} 5. Nc3 {[%emt 0:00:00]} Bd6 {[%emt 0:01:47]} 6. Bxd6 {[%emt 0:01:59]} Qxd6 {[%emt 0:01:04]} 7. Qb3 {[%emt 0:06:21]} b6 {[%emt 0:06:12]} 8. Nf3 {[%emt 0:05:47]} Nbd7 {[%emt 0:01:05]} 9. Rc1 {[%emt 0:03:17]} O-O {[%emt 0:05:28]} 10. cxd5 {[%emt 0:01:46]} Nxd5 {[%emt 0:00:48]} 11. Nxd5 {[%emt 0:00:19]} exd5 {[%emt 0:00:03]} 12. Bb5 {[%emt 0:00:26]} Rac8 {[%emt 0:04:52]} 13. Rc6 {[%emt 0:00:04]} Qe7 {[%emt 0:01:39]} 14. O-O {[%emt 0:01:29]} Nb8 {[%emt 0:08:53]} 15. Rcc1 {[%emt 0:01:07]} c6 {[%emt 0:00:36]} 16. Bd3 {[%emt 0:00:37]} Bxd3 {[%emt 0:02:15]} 17. Qxd3 {[%emt 0:00:00]} Rfd8 {[%emt 0:02:26]} 18. Rfd1 {[%emt 0:01:57]} c5 {[%emt 0:02:38]} 19. dxc5 {[%emt 0:00:18]} bxc5 {[%emt 0:00:15]} 20. Qa3 {[%emt 0:01:29]} Rc6 {[%emt 0:04:03]} 21. h3 {[%emt 0:01:17]} Qc7 {[%emt 0:05:35]} 22. Rc2 {[%emt 0:03:41]} Na6 {[%emt 0:02:32]} 23. Rcd2 {[%emt 0:00:46]} Rcd6 {[%emt 0:09:05]} 24. Rc1 {[%emt 0:02:39]} Rc6 {[%emt 0:01:01]} 25. Qa4 {[%emt 0:02:38]} c4 {[%emt 0:04:09]} 26. Rcd1 {[%emt 0:01:41]} Nc5 {[%emt 0:01:17]} 27. Qxc4 {[%emt 0:02:27]} Ne6 {[%emt 0:02:57]} 28. Qe2 {[%emt 0:00:45]} Rcd6 {[%emt 0:03:40]} 29. Nd4 {[%emt 0:00:23]} Nxd4 {[%emt 0:00:41]} 30. Rxd4 {[%emt 0:00:00]} f6 {[%emt 0:01:10]} 31. Qd2 {[%emt 0:00:00]} f5 {[%emt 0:00:41]} 32. Qd3 {[%emt 0:00:26]} g6 {[%emt 0:01:08]} 33. Qb3 {[%emt 0:02:02]} Rb6 {[%emt 0:01:28]} 34. Rxd5 {[%emt 0:02:01]} Rxb3 {[%emt 0:00:00]} 35. Rxd8+ {[%emt 0:00:05]} Kf7 {[%emt 0:00:32]} 36. R1d7+ {[%emt 0:00:07]} Qxd7 {[%emt 0:00:41]} 37. Rxd7+ {[%emt 0:00:38]} Ke6 {[%emt 0:00:00]} 38. Rxh7 {[%emt 0:00:07]} Rxb2 {[%emt 0:00:00]} 39. Rxa7 {[%emt 0:00:04]} 1-0